000 00421cam a2200145 4500500
005 20251012021553.0
041 _afre
042 _adc
100 1 0 _aSalin, Dominique
_eauthor
245 0 0 _aParlers mystiques
260 _c2022.
500 _a3
786 0 _nChristus | ยบ276 | 4 | 2022-10-01 | p. 34-43 | 0009-5834
856 4 1 _uhttps://shs.cairn.info/revue-christus-2022-4-page-34?lang=fr&redirect-ssocas=7080
999 _c1538794
_d1538794